Encuesta de caracterización socioeconómica nacional: módulo ingreso y pobreza 1996

Guardat en:
Dades bibliogràfiques
Autor corporatiu: MIDEPLAN (Autor)
Format: Llibre
Idioma:espanyol
Publicat: Santiago Mideplan 1998
Matèries:
Etiquetes: Afegir etiqueta
Sense etiquetes, Sigues el primer a etiquetar aquest registre!

MARC

LEADER 00000nam a2200000 a 4500
001 UCP3096
003 CL-VaPUC
008 990611e19980000CL |||||||||||||||||spa|d
082 0 4 |a 361.1  |b MID  |2 21 
110 2 |a MIDEPLAN  |e author  |9 430207 
245 1 0 |a Encuesta de caracterización socioeconómica nacional: módulo ingreso y pobreza 1996 
300 |a 79 p 
942 |c BK 
945 |d 19990611 00:00:00  |a rbrito 
260 |a Santiago  |b Mideplan  |c 1998 
650 0 |a Trabajo social   |9 307856 
650 7 |a ENCUESTAS SOCIOECONOMICAS  |2 CL-VaPUC  |9 430205 
650 0 |a Pobreza  |9 258652 
583 |a last modification  |c 19990611 00:00:00  |k Rodrigo Vera 
999 |c 281526  |d 281524 
952 |0 0  |1 0  |4 0  |6 361_100000000000000_MID_1998  |7 0  |8 R  |9 322291  |a BIBGIM  |b BIBGIM  |d 2019-11-20  |i 3500314  |o 361.1 MID 1998  |p 3500314  |r 2025-01-15  |w 2019-11-20  |y BK_R  |k SSL